ا فکا ر حيا ت (Record no. 179905)

MARC details
000 -LEADER
fixed length control field 00630nam a22001937a 4500
005 - DATE AND TIME OF LATEST TRANSACTION
control field 20210715165009.0
010 ## - LCCN (DPL NO)
LC control number UR-11148
020 ## - INTERNATIONAL STANDARD BOOK NUMBER
Terms of availability 300.00
International Standard Book Number -
035 ## - SYSTEM CONTROL NUMBER
System control number U-9702
037 ## - SOURCE OF ACQUISITION
Source of stock number/acquisition DBAD/PUB
082 ## - DEWEY DECIMAL CLASSIFICATION NUMBER
Classification number 270.921
100 ## - MAIN ENTRY--PERSONAL NAME
Personal name مر تبہ:سجا د فا ر قليظ
245 ## - TITLE STATEMENT
Title ا فکا ر حيا ت
Statement of responsibility, etc مر تبہ:سجا د فا ر قليظ
246 ## - VARYING FORM OF TITLE
Title proper/short title Ifkar-e-Hayat (Urdu)
Remainder of title Edited by Sajjad Far Qaleet
260 ## - PUBLICATION, DISTRIBUTION, ETC. (IMPRINT)
Place of publication, distribution, etc Telangana
Date of publication, distribution, etc 2020 ء
Name of publisher, distributor, etc Maktaba Al-Faisal
270 ## - ADDRESS
Address 3-6-373/A,Street No 2,Himayat Nagar
City Hyderabad
Postal code 500029
Fax number -
300 ## - PHYSICAL DESCRIPTION
Extent 237 ص
Dimensions 22 Cm(Hb)
942 ## - ADDED ENTRY ELEMENTS (KOHA)
Source of classification or shelving scheme Dewey Decimal Classification
Item type Urdu Bks
Classification part 270.921

No items available.


© Delhi Public Library
Hit Counter
free hit counter